Psychiatry/ (Record no. 36294)

000 -LEADER
fixed length control field 00318nam a22001331a 4500
020 ## - INTERNATIONAL STANDARD BOOK NUMBER
ISBN 9788170420996
082 ## - DEWEY DECIMAL CLASSIFICATION NUMBER
Classification number 616.891 7
Item number N97
100 ## - MAIN ENTRY--AUTHOR NAME
Personal name Venkoba Rao A
245 ## - TITLE STATEMENT
Title Psychiatry/
Statement of responsibility, etc Venkoba Rao A
260 ## - PUBLICATION, DISTRIBUTION, ETC. (IMPRINT)
Place of publication New Delhi:
Name of publisher B I Churchil Livingstone,
Year of publication 1997.
300 ## - PHYSICAL DESCRIPTION
Number of Pages 256p.
650 ## - SUBJECT ADDED ENTRY--TOPICAL TERM
Topical Term Psychiatry
942 ## - ADDED ENTRY ELEMENTS (KOHA)
Koha item type Book
Holdings
Withdrawn status Lost status Damaged status Not for loan Permanent Location Current Location Date acquired Cost, normal purchase price Full call number Accession Number Cost, replacement price Price effective from Koha item type
Write off   Damaged 1 Sree Sankaracharya University of Sanskrit Sree Sankaracharya University of Sanskrit 08.01.2015 115.00 616.891 7 N97 010255 0.00 08.01.2015 Book